[Event "4. HSK Weihnachtsopen 2018"]
[Site "Hamburg"]
[Date "2018.12.28"]
[Round "3.6"]
[White "Koop, Th.Börge"]
[Black "Böhm, Thomas"]
[Result "1/2-1/2"]
[WhiteElo "1846"]
[BlackElo "2126"]
[PlyCount "145"]
[EventDate "2018.12.27"]

1. e4 c6 2. Nf3 d5 3. Nc3 Bg4 4. exd5 cxd5 5. d4 Nc6 6. Be2 g6 7. O-O Bg7 8.
Bf4 Nf6 9. Ne5 Bxe2 10. Nxe2 O-O 11. Nxc6 bxc6 12. Be5 Qb6 13. Rb1 c5 14. c3
cxd4 15. Qxd4 Qa6 16. Nc1 Rfd8 17. Re1 Rac8 18. a3 Rc4 19. Qd3 Qc8 20. Nb3 Re4
21. Nd2 Rxe1+ 22. Rxe1 Qb7 23. b4 Rc8 24. Rc1 Ne8 25. Bxg7 Kxg7 26. c4 dxc4 27.
Rxc4 Rxc4 28. Nxc4 Qc6 29. g3 f6 30. Qd4 Nc7 31. Na5 Qe6 32. Qe3 Kf7 33. Qxa7
Qe1+ 34. Kg2 Qe4+ 35. f3 Qc2+ 36. Qf2 Qb1 37. Qd2 g5 38. Nc4 g4 39. Ne3 gxf3+
40. Kxf3 Ne6 41. h4 f5 42. Qd5 Kf6 43. Kg2 h5 44. b5 f4 45. Qf3 Qxb5 46. Nd5+
Kg7 47. Nxf4 Nxf4+ 48. Qxf4 Qb2+ 49. Kh3 Qxa3 50. Qg5+ Kf8 51. Qxh5 Qa1 52.
Qf3+ Kg7 53. h5 Qe5 54. Kh4 Qb2 55. g4 Qh2+ 56. Qh3 Qf4 57. Qg3 Qe4 58. Qc3+
Kh7 59. Qc5 Kg7 60. Qg5+ Kh8 61. Qf5 Qe3 62. Qf8+ Kh7 63. Qf7+ Kh8 64. Qg6 Qf2+
65. Kg5 Qe3+ 66. Kf5 Qc5+ 67. Ke6 Qe3+ 68. Kf7 Qf4+ 69. Kxe7 Qc7+ 70. Kf8 Qd8+
71. Qe8 Qf6+ 72. Qf7 Qd8+ 73. Qe8 1/2-1/2

[Event "4. HSK Weihnachtsopen 2018"]
[Site "Hamburg"]
[Date "2018.12.28"]
[Round "3.7"]
[White "Spiric, Igor"]
[Black "Rudolph, Jens-Erik"]
[Result "1-0"]
[WhiteElo "2277"]
[BlackElo "1860"]
[PlyCount "66"]
[EventDate "2018.12.27"]

1. d4 d6 2. Nf3 Nc6 3. Bf4 g6 4. d5 Nb8 5. h3 Bg7 6. Nc3 c6 7. e4 Qa5 8. Bd2
Nf6 9. Bd3 O-O 10. O-O Nfd7 11. b4 Qc7 12. Qe1 a5 13. b5 Nc5 14. Rc1 Bd7 15.
Qe3 cxb5 16. Nxb5 Bxb5 17. Bxb5 f5 18. exf5 Rxf5 19. Rfe1 Nbd7 20. Qxe7 Rf7 21.
Qh4 Raf8 22. Re6 Rxf3 23. gxf3 Ne5 24. Be2 Nxe6 25. dxe6 Bf6 26. Qe4 Qe7 27. f4
d5 28. Qxd5 Rd8 29. Qe4 Rd4 30. Qe3 Nc6 31. Bc3 Rd6 32. Bc4 Bxc3 33. Qxc3 Nd8
1-0

[Event "4. HSK Weihnachtsopen 2018"]
[Site "Hamburg"]
[Date "2018.12.28"]
[Round "3.9"]
[White "Jantzen, Hans-Jörg"]
[Black "Chmielewski, Axel"]
[Result "1-0"]
[WhiteElo "2130"]
[BlackElo "1854"]
[PlyCount "81"]
[EventDate "2018.12.27"]

1. d4 Nf6 2. Bf4 d5 3. e3 e6 4. c3 c5 5. Nd2 Nc6 6. Ngf3 Bd6 7. Bg3 O-O 8. Bd3
b6 9. Qe2 cxd4 10. exd4 Bb7 11. O-O Bxg3 12. hxg3 Qd6 13. Ne5 Ne8 14. f4 g6 15.
g4 f6 16. Nxc6 Bxc6 17. Rae1 Nc7 18. g3 Rae8 19. Nf3 Qd7 20. g5 Bb5 21. gxf6
Bxd3 22. Qxd3 Qb5 23. Qc2 Rxf6 24. Ne5 Re7 25. Rf2 Qe8 26. Ng4 Rf8 27. Nh6+ Kg7
28. Rh2 Nb5 29. Qe2 e5 30. fxe5 Nd6 31. Ng4 Kh8 32. Qe3 Ne4 33. Nf2 Nd6 34. Qh6
Nc4 35. Ng4 Rf3 36. Qh4 Qf8 37. Rf2 Rxf2 38. Nxf2 Nxb2 39. Ng4 Rf7 40. Nf6 Rxf6
41. exf6 1-0

[Event "4. HSK Weihnachtsopen 2018"]
[Site "Hamburg"]
[Date "2018.12.28"]
[Round "3.10"]
[White "Zierott, Jan"]
[Black "Schellhorn, Wolfgang"]
[Result "0-1"]
[WhiteElo "1792"]
[BlackElo "2138"]
[PlyCount "110"]
[EventDate "2018.12.27"]

1. d4 Nf6 2. Bg5 c5 3. d5 Qb6 4. Bc1 g6 5. e3 Bg7 6. a4 O-O 7. a5 Qc7 8. Nf3 d6
9. Nc3 Nbd7 10. Nb5 Qb8 11. c4 a6 12. Nc3 b6 13. Bd3 bxa5 14. Qa4 Ng4 15. O-O
Nde5 16. Nxe5 Nxe5 17. Be2 Qb4 18. Qxa5 Rb8 19. Qxb4 Rxb4 20. Ra4 Rb6 21. f4
Ng4 22. Ra3 h5 23. Na4 Rb8 24. h3 Nf6 25. Bd3 e6 26. e4 exd5 27. cxd5 c4 28.
Bc2 Re8 29. Nc3 Nd7 30. Na4 Bd4+ 31. Kh2 Nc5 32. Nxc5 Bxc5 33. Ra4 Bd7 34. Rxa6
c3 35. Ra2 Bb5 36. Rh1 Bc4 37. Ra4 Bb5 38. Ra2 Bc4 39. Ra4 Bxd5 40. bxc3 Bc6
41. Ra1 Bxe4 42. Ba4 Re7 43. Ba3 Bxa3 44. Rxa3 Ra7 45. Rb3 Rba8 46. Bb5 Ra2 47.
Rg1 Rf2 48. Kg3 Raa2 49. Bf1 d5 50. Rb8+ Kg7 51. Re8 Kf6 52. c4 h4+ 53. Kxh4
Rxf4+ 54. g4 Raf2 55. cxd5 g5+ 0-1

[Event "4. HSK Weihnachtsopen 2018"]
[Site "Hamburg"]
[Date "2018.12.28"]
[Round "3.11"]
[White "Westphal-Stubbe, Siegbert"]
[Black "Koop, Sören"]
[Result "0-1"]
[WhiteElo "1664"]
[BlackElo "2096"]
[PlyCount "56"]
[EventDate "2018.12.27"]

1. d4 d5 2. c4 c6 3. Nc3 dxc4 4. e4 b5 5. b3 cxb3 6. Qxb3 e6 7. g3 Nf6 8. Bg2
Qxd4 9. Nge2 Qb4 10. Qc2 Qc4 11. Qd1 Bb4 12. Bd2 O-O 13. O-O Rd8 14. Rc1 Bxc3
15. Nxc3 Qd3 16. Rc2 e5 17. Re1 Be6 18. Bf1 Qd7 19. Qc1 Na6 20. Bg5 Nb4 21. Rd1
Qe7 22. Rxd8+ Rxd8 23. Rd2 Rxd2 24. Qxd2 Qd7 25. Qxd7 Nxd7 26. a3 Nc2 27. a4 b4
28. Nd1 Nc5 0-1

[Event "4. HSK Weihnachtsopen 2018"]
[Site "Hamburg"]
[Date "2018.12.28"]
[Round "3.12"]
[White "Grotrian, Peter"]
[Black "Sonntag, Sven"]
[Result "0-1"]
[WhiteElo "1500"]
[BlackElo "1978"]
[PlyCount "62"]
[EventDate "2018.12.27"]

1. d4 d6 2. c4 Nf6 3. Nc3 Nbd7 4. e4 e5 5. d5 c6 6. Bd3 a5 7. Be3 Nc5 8. h3 Qc7
9. Rc1 Bd7 10. Bc2 Be7 11. Nge2 h6 12. O-O g5 13. Qd2 cxd5 14. Nxd5 Nxd5 15.
exd5 g4 16. h4 Bxh4 17. Bxh6 Qd8 18. Ng3 Qf6 19. Be3 b6 20. b4 axb4 21. Qxb4
Bg5 22. Bxg5 Qxg5 23. Qxb6 Qh6 24. Rfe1 Kf8 25. Ra1 Kg7 26. a4 Rab8 27. Qa5 f5
28. Bxf5 Rb2 29. Bxd7 Qh2+ 30. Kf1 Qh1+ 31. Nxh1 Rxh1# 0-1

[Event "4. HSK Weihnachtsopen 2018"]
[Site "Hamburg"]
[Date "2018.12.28"]
[Round "3.16"]
[White "Mi, Gufeng"]
[Black "Atri, Jamshid"]
[Result "1-0"]
[WhiteElo "1489"]
[BlackElo "1930"]
[PlyCount "71"]
[EventDate "2018.12.27"]

1. d4 Nf6 2. Nf3 d5 3. Bf4 e6 4. e3 c5 5. c3 Nc6 6. Nbd2 Bd6 7. Bd3 Bxf4 8.
exf4 cxd4 9. Nxd4 Nxd4 10. cxd4 Qb6 11. Nf3 Qxb2 12. O-O O-O 13. Re1 Qa3 14.
Ne5 Qd6 15. g4 Ne8 16. g5 g6 17. Qg4 f6 18. gxf6 Nxf6 19. Qg5 Qe7 20. Re3 Qg7
21. Rg3 Nh5 22. Rg4 Rf6 23. Kh1 h6 24. Qh4 Nxf4 25. Rxf4 g5 26. Rxf6 Qxf6 27.
Qg3 b6 28. h4 Bb7 29. Rg1 Rc8 30. hxg5 hxg5 31. Qxg5+ Qxg5 32. Rxg5+ Kf8 33.
Rh5 Rc1+ 34. Kg2 Bc8 35. Rh8+ Ke7 36. Rh7+ 1-0

[Event "4. HSK Weihnachtsopen 2018"]
[Site "Hamburg"]
[Date "2018.12.28"]
[Round "3.17"]
[White "Nyenhuis, Yannek"]
[Black "Kaußmann, Jean-David"]
[Result "1-0"]
[WhiteElo "1922"]
[BlackElo "1593"]
[PlyCount "49"]
[EventDate "2018.12.27"]

1. d4 d5 2. c4 e6 3. Nc3 Nf6 4. Nf3 Be7 5. Bf4 O-O 6. e3 c5 7. Qc2 h6 8. Be2
Nc6 9. Rd1 cxd4 10. exd4 Bd6 11. Ne5 dxc4 12. Bxc4 a6 13. O-O Qc7 14. Qe2 b5
15. Bb3 Bb7 16. Bg3 Nb8 17. Rc1 Qd8 18. Nxf7 Rxf7 19. Qxe6 Bxg3 20. Qxf7+ Kh8
21. hxg3 Qd7 22. Qxd7 Nbxd7 23. Rfe1 Rd8 24. Re7 Ba8 25. Rce1 1-0

[Event "4. HSK Weihnachtsopen 2018"]
[Site "Hamburg"]
[Date "2018.12.28"]
[Round "3.18"]
[White "Lohmann, Rene Alexander"]
[Black "Stelzner, Hendrik"]
[Result "0-1"]
[WhiteElo "1390"]
[BlackElo "1908"]
[PlyCount "20"]
[EventDate "2018.12.27"]

1. d4 Nf6 2. Bf4 d6 3. Nc3 Nbd7 4. Nf3 c5 5. e4 cxd4 6. Nxd4 e5 7. Nf5 exf4 8.
Nxd6+ Bxd6 9. Qxd6 Qb6 10. Qd2 O-O 0-1

[Event "4. HSK Weihnachtsopen 2018"]
[Site "Hamburg"]
[Date "2018.12.28"]
[Round "3.20"]
[White "Meyer, Harald"]
[Black "Schwarzkopf, Jörg"]
[Result "0-1"]
[WhiteElo "1282"]
[BlackElo "1843"]
[PlyCount "38"]
[EventDate "2018.12.27"]

1. d4 Nf6 2. Nf3 d6 3. c4 g6 4. Nc3 Bg7 5. e4 O-O 6. Bd3 c5 7. d5 e6 8. Qc2
exd5 9. cxd5 a6 10. h3 b5 11. Rb1 Re8 12. O-O Ra7 13. Bf4 Rae7 14. Rfe1 c4 15.
Bf1 b4 16. Na4 Nxe4 17. Qxc4 a5 18. Nd4 Ba6 19. Qb3 Bxd4 0-1

[Event "4. HSK Weihnachtsopen 2018"]
[Site "Hamburg"]
[Date "2018.12.28"]
[Round "3.21"]
[White "Schulz, Hans-Juergen"]
[Black "Hinrichs, Winfried"]
[Result "1-0"]
[WhiteElo "1827"]
[BlackElo "1551"]
[PlyCount "65"]
[EventDate "2018.12.27"]

1. e4 c5 2. b4 cxb4 3. Bb2 Nf6 4. e5 Nd5 5. c4 Nb6 6. d4 d6 7. exd6 Qxd6 8. Be2
Qc7 9. Nd2 N8d7 10. Ngf3 Nf6 11. O-O e6 12. Re1 Be7 13. Ne5 Nbd7 14. Ndf3 Ne4
15. Bd3 Nxe5 16. Nxe5 Nf6 17. Qf3 Bd7 18. Nxd7 Qxd7 19. d5 O-O-O 20. Rad1 Kb8
21. dxe6 fxe6 22. Bc2 Qc8 23. Qg3+ Ka8 24. Qxg7 Rxd1 25. Rxd1 Qf8 26. Qxf8+
Rxf8 27. Bxf6 Rxf6 28. Rd7 Rf7 29. Be4 a5 30. g3 Rg7 31. Rxb7 Rg4 32. Bf3 Bd8
33. Rg7+ 1-0

[Event "4. HSK Weihnachtsopen 2018"]
[Site "Hamburg"]
[Date "2018.12.28"]
[Round "3.22"]
[White "Grabbel, Lennart Christian"]
[Black "Müller, Marvin"]
[Result "1-0"]
[WhiteElo "1823"]
[BlackElo "1586"]
[PlyCount "61"]
[EventDate "2018.12.27"]

1. c4 e5 2. g3 Nf6 3. Bg2 d5 4. cxd5 Nxd5 5. Nc3 Nb6 6. Nf3 Nc6 7. O-O f6 8. b3
Be6 9. Bb2 Qd7 10. Re1 O-O-O 11. e3 Bg4 12. Rc1 g5 13. Qe2 h5 14. Red1 h4 15.
d4 exd4 16. exd4 hxg3 17. hxg3 Qh7 18. Qe4 Bf5 19. Qe3 Bh3 20. d5 Bxg2 21. Qe6+
Nd7 22. Kxg2 Nce5 23. Rh1 Qg7 24. Rxh8 Qxh8 25. Nxe5 fxe5 26. Nb5 Qh7 27. Rxc7+
Kb8 28. Rxb7+ Ka8 29. Rxa7+ Kb8 30. Rb7+ Ka8 31. Qa6# 1-0

[Event "4. HSK Weihnachtsopen 2018"]
[Site "Hamburg"]
[Date "2018.12.28"]
[Round "3.23"]
[White "Schulze, Tim"]
[Black "Goltser, Ilja"]
[Result "0-1"]
[WhiteElo "1520"]
[BlackElo "1744"]
[PlyCount "70"]
[EventDate "2018.12.27"]

1. d4 c5 2. d5 e6 3. c4 Nf6 4. Nc3 exd5 5. cxd5 d6 6. Nf3 g6 7. Bf4 a6 8. a4
Bg7 9. e4 Qe7 10. Bd3 Nbd7 11. O-O O-O 12. Re1 Ng4 13. Qc2 Nge5 14. Nxe5 Nxe5
15. Bg3 Re8 16. Nd1 h5 17. h3 Rb8 18. a5 Nxd3 19. Qxd3 Bd7 20. f3 Bb5 21. Qb3
Be5 22. Bxe5 Qxe5 23. Nc3 Bd7 24. Qc2 b5 25. axb6 Rxb6 26. Ra5 Reb8 27. Rb1 Kh7
28. Qe2 Bc8 29. Na4 Rb4 30. Nc3 Rb3 31. Na4 R8b4 32. Qc2 Qd4+ 33. Kh2 Rxa4 34.
Qxb3 Rxa5 35. Qb6 Qe5+ 0-1

[Event "4. HSK Weihnachtsopen 2018"]
[Site "Hamburg"]
[Date "2018.12.28"]
[Round "3.24"]
[White "Englert, Barbara"]
[Black "Tatliak, Stefan"]
[Result "0-1"]
[WhiteElo "1238"]
[BlackElo "1699"]
[PlyCount "27"]
[EventDate "2018.12.27"]

1. e4 e5 2. Nf3 Nc6 3. d4 exd4 4. Nxd4 Bc5 5. Be3 Bb6 6. Bc4 Nge7 7. Nxc6 bxc6
8. Nd2 O-O 9. O-O d5 10. exd5 cxd5 11. Bd3 Be6 12. Qh5 g6 13. Qh6 f6 14. Rae1 {
rest nicht rekonstruierbar. 0 - 1 nach 40 Zügen} 0-1

[Event "4. HSK Weihnachtsopen 2018"]
[Site "Hamburg"]
[Date "2018.12.28"]
[Round "3.25"]
[White "Bloh, Fabian"]
[Black "Müller, Nico"]
[Result "1/2-1/2"]
[WhiteElo "1685"]
[BlackElo "1546"]
[PlyCount "61"]
[EventDate "2018.12.27"]

1. e4 c5 2. Nf3 d6 3. d4 cxd4 4. Nxd4 Nf6 5. Nc3 a6 6. Be2 e5 7. Nb3 b5 8. Bg5
Be7 9. Nd5 Bb7 10. Nxe7 Qxe7 11. f3 Nc6 12. a4 Na7 13. axb5 axb5 14. Be3 Bc6
15. Na5 O-O 16. Nxc6 Nxc6 17. Rxa8 Rxa8 18. Bxb5 Qb7 19. Bxc6 Qxc6 20. O-O Ra2
21. Qb1 Qc4 22. c3 Qb3 23. Rd1 Rxb2 24. Qd3 Qc2 25. Qxc2 Rxc2 26. Rxd6 Kf8 27.
Rc6 Ke8 28. Bb6 Kd7 29. Rc7+ Ke6 30. Bc5 Nh5 31. g3 1/2-1/2

[Event "4. HSK Weihnachtsopen 2018"]
[Site "Hamburg"]
[Date "2018.12.28"]
[Round "3.26"]
[White "Paufler, Patrick"]
[Black "Müller, Linus"]
[Result "1-0"]
[WhiteElo "1662"]
[BlackElo "1445"]
[PlyCount "53"]
[EventDate "2018.12.27"]

1. c4 c5 2. Nc3 Nc6 3. g3 g6 4. Bg2 Bg7 5. Nf3 e6 6. O-O Nge7 7. Rb1 d5 8. cxd5
exd5 9. d3 O-O 10. Bg5 Be6 11. Qc2 Nb4 12. Qd2 Re8 13. a3 Nbc6 14. Rfc1 Qd7 15.
b4 cxb4 16. axb4 Rec8 17. Bf4 a5 18. bxa5 Nxa5 19. Ne5 Bxe5 20. Bxe5 d4 21. Ne4
Rxc1+ 22. Rxc1 Nb3 23. Nf6+ Kg7 24. Nxd7+ Kg8 25. Qh6 Nf5 26. Nf6+ Kh8 27.
Qxh7# 1-0

[Event "4. HSK Weihnachtsopen 2018"]
[Site "Hamburg"]
[Date "2018.12.28"]
[Round "3.27"]
[White "Rodrigues, Afonso"]
[Black "Lu, Siyuan"]
[Result "0-1"]
[WhiteElo "1493"]
[BlackElo "1659"]
[PlyCount "110"]
[EventDate "2018.12.27"]

1. e4 e5 2. Nf3 Nc6 3. Bc4 Bc5 4. c3 Nf6 5. d3 d6 6. Bb3 O-O 7. h3 Ne7 8. Bc2
Ng6 9. d4 exd4 10. cxd4 Bb4+ 11. Bd2 Bxd2+ 12. Nbxd2 Re8 13. O-O c6 14. Re1 Qc7
15. Nc4 Be6 16. Ne3 Rad8 17. d5 Bd7 18. dxc6 Bxc6 19. Rc1 Qd7 20. Nd5 Nxd5 21.
exd5 Rxe1+ 22. Nxe1 Bb5 23. a4 Ba6 24. b4 b6 25. b5 Bb7 26. g4 Nf4 27. Qf3 Ng6
28. Be4 Re8 29. Bf5 Qe7 30. Ng2 Ne5 31. Qe2 g6 32. Bb1 Kf8 33. f4 Nd7 34. Qxe7+
Rxe7 35. Rc7 Nc5 36. Rxe7 Kxe7 37. Bc2 Bxd5 38. Ne3 Bb3 39. Bxb3 Nxb3 40. Kf2
Ke6 41. Nc4 Nc5 42. a5 bxa5 43. Nxa5 a6 44. bxa6 Nxa6 45. Ke3 Kd5 46. Nb7 Nc5
47. Nd8 f6 48. h4 Kc4 49. Nc6 d5 50. Nd4 Ne4 51. f5 g5 52. hxg5 Nxg5 53. Ne6
Nf7 54. Nf4 Ne5 55. Nh5 d4+ 0-1

[Event "4. HSK Weihnachtsopen 2018"]
[Site "Hamburg"]
[Date "2018.12.28"]
[Round "3.28"]
[White "Krüger, Dietrich"]
[Black "Raedisch, Peter"]
[Result "0-1"]
[WhiteElo "1262"]
[BlackElo "1655"]
[PlyCount "72"]
[EventDate "2018.12.27"]

1. d4 d5 2. Nc3 a6 3. Bf4 Nf6 4. e3 Nc6 5. Bd3 e6 6. a3 Bd7 7. Qf3 Be7 8. Nge2
g6 9. e4 Bf8 10. exd5 exd5 11. Nxd5 Nxd5 12. Qxd5 Bg7 13. c3 O-O 14. h4 h5 15.
Bg5 Qe8 16. O-O-O Be6 17. Qf3 Rb8 18. Qe3 Qd7 19. f3 Rfe8 20. Qf2 b5 21. Nf4
Bb3 22. Nxg6 Bxd1 23. Rxd1 fxg6 24. Bxg6 Rf8 25. Bxh5 Qf5 26. Bg4 Qxg4 27. d5
Na5 28. Be7 Rf7 29. Rd4 Nb3+ 30. Kb1 Nxd4 31. Bc5 Qf5+ 32. Ka2 Nc2 33. Bd4
Qxd5+ 34. b3 Nxd4 35. cxd4 Qxd4 36. Qc2 Qa1# 0-1

[Event "4. HSK Weihnachtsopen 2018"]
[Site "Hamburg"]
[Date "2018.12.28"]
[Round "3.30"]
[White "Mandelkow, Elias"]
[Black "Herrmann, Sabine"]
[Result "1-0"]
[WhiteElo "1569"]
[BlackElo "1553"]
[PlyCount "111"]
[EventDate "2018.12.27"]

1. d4 d5 2. c4 Nf6 3. Nc3 e6 4. Nf3 Nc6 5. Bf4 Bd6 6. Bg3 Ne4 7. c5 Nxc3 8.
bxc3 Bxg3 9. hxg3 Qf6 10. e3 a6 11. Be2 h6 12. Rb1 Rb8 13. Kf1 Bd7 14. Kg1 O-O
15. g4 Qg6 16. g5 hxg5 17. Bd3 f5 18. Rb2 g4 19. Ne1 Kf7 20. Be2 Rh8 21. Rxh8
Rxh8 22. Bd3 Qh5 23. Kf1 Nd8 24. c4 Bc6 25. Qc2 dxc4 26. Bxc4 Bxg2+ 27. Nxg2 g3
28. Nf4 Qg4 29. Ke1 gxf2+ 30. Kd2 g6 31. Kc3 Rh2 32. Qa4 c6 33. Qa5 Qg5 34.
Qc7+ Ke8 35. Qe5 Qg1 36. Nxe6 Qe1+ 37. Kb3 Rh7 38. Nxd8+ Kxd8 39. Qb8+ Ke7 40.
Qxb7+ Kf6 41. Qxh7 Qxe3+ 42. Ka4 Kg5 43. Rb4 a5 44. Kxa5 Qa3+ 45. Ra4 Qc3+ 46.
Kb6 Qxd4 47. Qe7+ Kh6 48. Qe2 Qd8+ 49. Kxc6 Qc8+ 50. Kb5 Qb7+ 51. Ka5 Qa8+ 52.
Kb4 Qb7+ 53. Ka3 Qg2 54. Qe3+ Kg7 55. Ra7+ Kf8 56. Qe7# 1-0

[Event "4. HSK Weihnachtsopen 2018"]
[Site "Hamburg"]
[Date "2018.12.28"]
[Round "4.1"]
[White "Chittka, Julius"]
[Black "Von Gleich, Alexander"]
[Result "1/2-1/2"]
[WhiteElo "2279"]
[BlackElo "2323"]
[PlyCount "69"]
[EventDate "2018.12.27"]

1. Nf3 Nf6 2. b3 e6 3. Bb2 b6 4. e3 Be7 5. d4 c5 6. Bd3 O-O 7. O-O Ba6 8. c4
Nc6 9. Nbd2 cxd4 10. exd4 Rc8 11. Rc1 d5 12. Re1 dxc4 13. bxc4 Na5 14. Qe2 Bb4
15. a3 Bxd2 16. Nxd2 Re8 17. Qf3 Bb7 18. Qh3 h6 19. Re3 Nh7 20. Rce1 Ng5 21.
Qh5 Qf6 22. Ba1 Qf4 23. d5 Nxc4 24. g3 Qxe3 25. fxe3 Nxd2 26. Rd1 Bxd5 27. Rxd2
Bf3 28. Qh4 Rc1+ 29. Kf2 Rxa1 30. Qa4 Rc8 31. h4 Bc6 32. Rc2 Nh3+ 33. Ke2 Ng1+
34. Kf2 Nh3+ 35. Ke2 1/2-1/2

[Event "4. HSK Weihnachtsopen 2018"]
[Site "Hamburg"]
[Date "2018.12.28"]
[Round "4.2"]
[White "Powierski, Emil"]
[Black "Malkiel, Daniel"]
[Result "1-0"]
[WhiteElo "2310"]
[BlackElo "2187"]
[PlyCount "67"]
[EventDate "2018.12.27"]

1. e4 e6 2. d4 d5 3. Nd2 a6 4. Ngf3 Nf6 5. e5 Nfd7 6. Bd3 c5 7. c3 Nc6 8. O-O
g6 9. Re1 Bg7 10. Nf1 cxd4 11. cxd4 O-O 12. h4 f6 13. exf6 Nxf6 14. Ng3 Ng4 15.
h5 Nxd4 16. hxg6 hxg6 17. Bxg6 Nxf3+ 18. gxf3 Ne5 19. Bh5 Qf6 20. f4 Ng6 21. f5
Ne7 22. Bg4 e5 23. Re3 Nxf5 24. Rf3 Qg6 25. Qxd5+ Be6 26. Qe4 Rad8 27. Nxf5
Rd1+ 28. Kh2 Bxf5 29. Rxf5 Qh7+ 30. Bh3 Rfd8 31. Bg5 R8d3 32. Qc4+ Kh8 33. Qc8+
Rd8 34. Bxd8 1-0

[Event "4. HSK Weihnachtsopen 2018"]
[Site "Hamburg"]
[Date "2018.12.28"]
[Round "4.3"]
[White "Hochgräfe, Markus"]
[Black "Jantzen, Hans-Jörg"]
[Result "1/2-1/2"]
[WhiteElo "2413"]
[BlackElo "2130"]
[PlyCount "52"]
[EventDate "2018.12.27"]

1. Nf3 Nf6 2. c4 c6 3. Nc3 d5 4. e3 a6 5. d4 g6 6. Be2 Bg7 7. O-O O-O 8. a4 a5
9. Qb3 Na6 10. Rd1 Nb4 11. Bd2 Bf5 12. Ne1 e6 13. f3 g5 14. Na2 Nxa2 15. Rxa2
Qc7 16. Nd3 g4 17. Be1 Bh6 18. Ne5 gxf3 19. gxf3 Nd7 20. Nxd7 Qxd7 21. Bh4 f6
22. Kh1 Kh8 23. Raa1 Qf7 24. Rg1 Qh5 25. Bf2 Rg8 26. Rg3 Rxg3 1/2-1/2

[Event "4. HSK Weihnachtsopen 2018"]
[Site "Hamburg"]
[Date "2018.12.28"]
[Round "4.4"]
[White "Porth, Hartmut"]
[Black "Spiric, Igor"]
[Result "0-1"]
[WhiteElo "2093"]
[BlackElo "2277"]
[PlyCount "77"]
[EventDate "2018.12.27"]

1. d4 Nf6 2. Bf4 b6 3. e3 Bb7 4. Nd2 e6 5. Ngf3 Be7 6. Bd3 O-O 7. c3 d6 8. Qc2
Nbd7 9. e4 e5 10. Bg5 exd4 11. cxd4 Nd5 12. exd5 Bxg5 13. Bxh7+ Kh8 14. Nxg5
Qxg5 15. Be4 f5 16. Bf3 Rae8+ 17. Kf1 Nf6 18. h4 Qh6 19. Rd1 Ng4 20. Nb1 Qf4
21. Kg1 Qxd4 22. Bxg4 Qxg4 23. Nc3 b5 24. Rh3 b4 25. Rg3 Qc4 26. Qd2 f4 27. b3
bxc3 28. Rxc3 Qe4 29. Rxc7 Re7 30. Rxe7 Qxe7 31. Re1 Qxh4 32. Re6 f3 33. gxf3
Qh5 34. Rxd6 Qxf3 35. Qe3 Bxd5 36. Qxf3 Bxf3 37. Rd7 a6 38. Rd6 Rf6 39. Rd4 0-1

[Event "4. HSK Weihnachtsopen 2018"]
[Site "Hamburg"]
[Date "2018.12.28"]
[Round "4.6"]
[White "Schellhorn, Wolfgang"]
[Black "Apitzsch, Leon Fabian"]
[Result "1-0"]
[WhiteElo "2138"]
[BlackElo "1940"]
[PlyCount "73"]
[EventDate "2018.12.27"]

1. e4 e5 2. Nf3 Nc6 3. Bc4 Bc5 4. b4 Bxb4 5. c3 Ba5 6. d4 exd4 7. O-O d6 8. Qb3
Qe7 9. cxd4 Bb6 10. Bg5 Nf6 11. Bb5 Bd7 12. e5 dxe5 13. Bxc6 Bxc6 14. dxe5 Bxf3
15. exf6 gxf6 16. Qc3 Rg8 17. Re1 Be4 18. Nd2 O-O-O 19. Rxe4 Qd7 20. Bf4 Rg4
21. Rae1 Rxf4 22. Rxf4 Qxd2 23. Qxd2 Rxd2 24. Rxf6 Rxa2 25. Rxf7 Kd8 26. h4 a5
27. Re6 a4 28. Rh6 a3 29. Rhxh7 Ke8 30. h5 Re2 31. Rfg7 Rxf2 32. Kh2 Bd4 33.
Re7+ Kf8 34. Rd7 Kg8 35. Rhe7 a2 36. h6 a1=Q 37. Re8+ 1-0

[Event "4. HSK Weihnachtsopen 2018"]
[Site "Hamburg"]
[Date "2018.12.28"]
[Round "4.7"]
[White "Böhm, Thomas"]
[Black "Nyenhuis, Yannek"]
[Result "1-0"]
[WhiteElo "2126"]
[BlackElo "1922"]
[PlyCount "73"]
[EventDate "2018.12.27"]

1. e4 d6 2. d4 Nf6 3. Nc3 Nbd7 4. Nf3 e5 5. Be2 Be7 6. O-O c6 7. a4 a5 8. Re1
Qc7 9. Bg5 h6 10. Be3 Nf8 11. Nd2 Ng6 12. Nc4 Nd7 13. Qd2 O-O 14. Rad1 Rb8 15.
Bh5 b5 16. axb5 cxb5 17. Na3 exd4 18. Bxd4 Bg5 19. Be3 Bxe3 20. Qxe3 Ba6 21.
Nd5 Qd8 22. b4 Nge5 23. Be2 Nc4 24. Nxc4 bxc4 25. bxa5 Re8 26. Qd4 Qxa5 27. Ra1
Qc5 28. Qxc5 Nxc5 29. f3 Rbc8 30. Red1 f5 31. Nb4 Bb7 32. Bxc4+ Ne6 33. Bb3 Kh8
34. exf5 Ng5 35. Re1 Rxe1+ 36. Rxe1 Bxf3 37. h4 1-0

[Event "4. HSK Weihnachtsopen 2018"]
[Site "Hamburg"]
[Date "2018.12.28"]
[Round "4.8"]
[White "Franke, Lutz"]
[Black "Stelzner, Hendrik"]
[Result "1-0"]
[WhiteElo "2110"]
[BlackElo "1908"]
[PlyCount "79"]
[EventDate "2018.12.27"]

1. d4 Nf6 2. c4 e6 3. Nc3 c5 4. d5 exd5 5. cxd5 d6 6. Nf3 g6 7. Nd2 a6 8. a4
Nbd7 9. e4 Bg7 10. Be2 O-O 11. O-O Re8 12. Qc2 Rb8 13. Ra3 Ne5 14. a5 b5 15.
axb6 Qxb6 16. Rb3 Qa7 17. Rxb8 Qxb8 18. f4 Neg4 19. Nc4 Nh5 20. g3 Bd4+ 21. Kg2
f5 22. Qa4 Nhf6 23. Bxg4 fxg4 24. e5 Bxc3 25. bxc3 Bd7 26. Qa2 Ne4 27. e6 Bb5
28. Qb3 Qa8 29. Rd1 Kg7 30. Ne3 Be2 31. Re1 c4 32. Qb6 Bf3+ 33. Kg1 Re7 34.
Qd4+ Nf6 35. Ba3 Qb8 36. Nxc4 Qb3 37. Bxd6 Qa2 38. Qxf6+ Kxf6 39. Be5+ Kf5 40.
Nd6# 1-0

[Event "4. HSK Weihnachtsopen 2018"]
[Site "Hamburg"]
[Date "2018.12.28"]
[Round "4.10"]
[White "Sonntag, Sven"]
[Black "Magnussen, Helge"]
[Result "1-0"]
[WhiteElo "1978"]
[BlackElo "2041"]
[PlyCount "93"]
[EventDate "2018.12.27"]

1. c4 e6 2. d4 Nf6 3. Nc3 c5 4. d5 exd5 5. Nxd5 Nxd5 6. Qxd5 Nc6 7. Bd2 d6 8.
e3 Be6 9. Qe4 Qd7 10. Nf3 Be7 11. Qc2 d5 12. cxd5 Bxd5 13. Bb5 O-O 14. Ne5 Qe6
15. Nxc6 bxc6 16. Bd3 Rfd8 17. Bxh7+ Kh8 18. Bf5 Qd6 19. O-O-O Rab8 20. Bc3 Bf6
21. e4 Qf4+ 22. Qd2 Bg5 23. Qxf4 Bxf4+ 24. Kc2 Bxa2 25. Rxd8+ Rxd8 26. g3 Bb8
27. e5 Kg8 28. b3 c4 29. bxc4 Bxc4 30. Rb1 Bb5 31. f4 Bc7 32. Bb4 Bb6 33. Bd6
Bd4 34. Rb4 Bg1 35. e6 fxe6 36. Bxe6+ Kh7 37. f5 g5 38. Be7 Rb8 39. f6 a5 40.
Re4 a4 41. h4 gxh4 42. Bf7 Kh6 43. Re5 Bd3+ 44. Kxd3 Rb5 45. Bf8+ Kh7 46. Rxb5
cxb5 47. g4 1-0

[Event "4. HSK Weihnachtsopen 2018"]
[Site "Hamburg"]
[Date "2018.12.28"]
[Round "4.11"]
[White "Szobries, Torsten"]
[Black "Mi, Gufeng"]
[Result "1-0"]
[WhiteElo "2032"]
[BlackElo "1489"]
[PlyCount "125"]
[EventDate "2018.12.27"]

1. Nf3 Nf6 2. e3 c6 3. c4 g6 4. b3 Bg7 5. Bb2 d6 6. d4 d5 7. Bd3 O-O 8. O-O Re8
9. Nc3 Bg4 10. h3 Bxf3 11. Qxf3 e6 12. Rfd1 Nbd7 13. cxd5 exd5 14. Rac1 Qe7 15.
Qe2 Ne4 16. Nxe4 dxe4 17. Bb1 Nf6 18. a3 a5 19. Rc4 Nd5 20. Qd2 f5 21. Re1 h6
22. Rc5 a4 23. b4 Kh7 24. Ba2 Rad8 25. b5 Qg5 26. bxc6 bxc6 27. Rxc6 f4 28. Rc5
f3 29. g3 Re7 30. Bc3 Qf5 31. Kh2 Red7 32. Rb1 Bf8 33. Rxd5 Rxd5 34. Bxd5 Qxd5
35. Bb4 Bg7 36. Rc1 Rd7 37. Qc2 Ra7 38. Qc4 Qd7 39. d5 Qf5 40. d6 Rd7 41. Qc8
Qe6 42. Qc4 Qe5 43. Rd1 Qb2 44. Kg1 Qe5 45. Qd5 Qe8 46. Rc1 Be5 47. Qxe4 Qe6
48. Qxf3 Bxd6 49. Bxd6 Qxd6 50. e4 Qd2 51. Qc3 Qd6 52. Kg2 Rf7 53. Qe3 Qf6 54.
Rc4 Qa6 55. Rb4 Qc6 56. Rb6 Qa8 57. Qd4 Qf8 58. Rb4 Qc8 59. Rxa4 Rd7 60. Ra7
Rxa7 61. Qxa7+ Kg8 62. Qd4 Qc6 63. Qd5+ 1-0

[Event "4. HSK Weihnachtsopen 2018"]
[Site "Hamburg"]
[Date "2018.12.28"]
[Round "4.13"]
[White "Schwarzkopf, Jörg"]
[Black "Fuhrmann, Äke"]
[Result "1/2-1/2"]
[WhiteElo "1843"]
[BlackElo "1955"]
[PlyCount "31"]
[EventDate "2018.12.27"]

1. e4 c5 2. c3 Nf6 3. e5 Nd5 4. Bc4 e6 5. d4 Nb6 6. Bd3 cxd4 7. cxd4 Nc6 8. Nf3
d6 9. exd6 Qxd6 10. O-O g6 11. Nc3 Bg7 12. Nb5 Qd7 13. Bf4 O-O 14. Nc7 Rb8 15.
Nb5 Ra8 16. Nc7 1/2-1/2